| 000 | 00448nam a2200169Ia 4500 | ||
|---|---|---|---|
| 008 | 230917s9999||||xx |||||||||||||| ||und|| | ||
| 020 | _cRS1495 | ||
| 040 |
_e258287 _aMAIN |
||
| 041 | _aEnglish | ||
| 082 | _a370.15 S49L | ||
| 100 | _aSelvam, S K Panneer | ||
| 245 | 0 | _aLearning style in education | |
| 260 |
_aDelhi _bAmiga Press _c2020 |
||
| 300 | _aviii, 213 p. | ||
| 500 | _a3663 11/10/2019 RBP19/77163 22/10/2019 Main Budget | ||
| 942 | _cBK | ||
| 999 |
_c33201 _d33201 |
||